000 00473nam a22001691a 4500
020 _a8171192002
082 _aH300 9
_bALP/R
100 _aAlpana Tiwari
_9124197
245 _aRenu ki nari srishti/
_cby Alpana Tiwari
260 _aNew Delhi:
_bRadhakrishna,
_c1994.
300 _a216p.
650 _aNovel Phaneeswarnath Criticism
_9124198
650 _aNovel Hindi Criticism
_9124199
650 _aLiterature Hindi
_9124200
650 _aLiterature
_9124201
942 _cBK
999 _c38060
_d38060